000 00420nam a2200145Ia 4500
008 090123s9999 xx 000 0 und d
082 _b25652
245 _aसामरी की ज्वाला
250 _a0
260 _bराज पॉकेट बुक्स
300 _a64
630 _aसामरी की ज्वाला
730 _aसामरी की ज्वाला
942 _cBOOK
999 _c63723
_d63723